|
|
|
|
| LEADER |
00000nab a2200000 a 4500 |
| 001 |
vtls000831412 |
| 003 |
SK-MaSNL |
| 005 |
20260302163757.0 |
| 008 |
180206c2003 xo 0 slo |
| 015 |
|
|
|a SNBRB2003/04-11165
|
| 035 |
|
|
|a CLN000183067
|
| 040 |
|
|
|a SNKBUCL
|b slo
|c SNKBUCL
|e AACR2
|
| 041 |
0 |
|
|a slo
|
| 044 |
|
|
|a xo
|c SK
|
| 080 |
|
|
|a 631(437.6):658.111:354.83
|2 UDC-MRF-SK2
|
| 080 |
|
|
|a 338.43(437.6):658.111:354.83
|2 UDC-MRF-SK2
|
| 080 |
|
|
|a 658.111(437.6)
|2 UDC-MRF-SK2
|
| 080 |
|
|
|a 354.83(437.6)
|2 UDC-MRF-SK2
|
| 245 |
0 |
0 |
|a Metodické usmernenie k niektorým ustanoveniam výnosu Ministertva pôdohospodárstva SR z 21. januára 2003 č. 148/2/2003-100 ....
|
| 300 |
|
|
|b Tab.
|e Príl.
|
| 650 |
0 |
7 |
|a poľnohospodárstvo
|x podnikanie
|x Slovensko. Ministerstvo pôdohospodárstva
|x výnosy
|x usmernenie metodické
|2 snkbucl
|9 865636
|
| 650 |
0 |
7 |
|a podnikanie
|x poľnohospodárstvo
|2 snkbucl
|9 865637
|
| 655 |
|
7 |
|a články z novín a časopisov
|2 snkbucl
|9 267496
|
| 773 |
0 |
|
|x 1335-440X
|t Roľnícke noviny
|g Č. 44 (5.3.2003)
|
| 773 |
0 |
|
|x 1335-440X
|t [Príl.] BESEDA
|g Roč. 10, s. 14-17
|
| 850 |
|
|
|a Slovenská národná knižnica v Martine
|
| 852 |
|
|
|a SNK
|b KIS3GCP
|
| 958 |
|
|
|a RBX
|
| 999 |
|
|
|c 1384535
|d 1386465
|